[Event "Schackstudion GM"]
[Site "Lund SWE"]
[Date "2011.04.21"]
[Round "8"]
[White "Semcesen,D"]
[Black "Bejtovic,J"]
[Result "1/2-1/2"]
[WhiteElo "2449"]
[BlackElo "2415"]
[EventDate "2011.04.14"]

1. d4 Nf6 2. c4 g6 3. Nc3 Bg7 4. e4 d6 5. Nb1 Ng8 6. Nc3 Nf6 7. h3 O-O 8.
Nf3 e5 9. d5 a5 10. Bg5 Na6 11. Nd2 h6 12. Be3 Nd7 13. Nb3 Nac5 14. Qd2 Kh7
15. Be2 f5 16. Qc2 Nxe4 17. Nxe4 fxe4 18. Nd2 Nf6 19. g4 c6 20. Nxe4 cxd5
21. Nxf6+ Bxf6 22. cxd5 Bd7 23. Qe4 Bg5 24. Bd3 Be8 25. O-O Rc8 26. Rac1
Bxe3 27. Qxe3 Rf4 28. Rxc8 Qxc8 29. Rc1 Qd8 30. Be4 Rf7 31. Rc3 b5 32. Kg2
b4 33. Rc2 Qb8 34. Qc1 Qb6 35. f3 Kg7 36. Rc8 Bd7 37. Rc7 Be8 38. Rc8 Bd7
39. Ra8 Qb7 40. Rd8 Qb6 41. Ra8 Qb7 42. Rxa5 Qb6 43. Ra8 Qb7 44. Ra5 Qb6
45. Ra8 Qb7 46. Rd8 Qb6 47. Ra8 1/2-1/2

[Event "Schackstudion GM"]
[Site "Lund SWE"]
[Date "2011.04.21"]
[Round "8"]
[White "Schmidt Schaeffer,S"]
[Black "Fries Nielsen,JO"]
[Result "1-0"]
[WhiteElo "2410"]
[BlackElo "2411"]
[EventDate "2011.04.14"]

1. f4 d5 2. Nf3 Bg4 3. e3 Nd7 4. h3 Bxf3 5. Qxf3 e5 6. d4 e4 7. Qf2 g5 8.
Nc3 c6 9. Bd2 gxf4 10. Qxf4 h5 11. O-O-O Qf6 12. Qc7 Rb8 13. Nxd5 cxd5 14.
Bb5 Rd8 15. Qxb7 a6 16. Ba4 Qd6 17. Ba5 Ngf6 18. Bc7 Qe6 19. Bxd8 Kxd8 20.
Rhf1 Rh6 21. Rd2 Rg6 22. Rdf2 Bg7 23. c4 dxc4 24. Bxd7 Qxd7 25. Qxa6 Ke7
26. Qxc4 Kf8 27. Qa6 Kg8 28. Rxf6 Bxf6 29. Rxf6 Qc7+ 30. Kb1 Rxg2 31. Qc6
Qb8 32. Qc1 Qh2 33. Rf1 Qxh3 34. Qc4 Qd7 35. a4 h4 36. Ka2 h3 37. Rf4 h2
38. Rh4 Qd8 39. Rh5 Qe8 40. Qb5 Qd8 41. Qe5 f6 42. Qxe4 1-0

[Event "Schackstudion GM"]
[Site "Lund SWE"]
[Date "2011.04.21"]
[Round "8"]
[White "Brynell,S"]
[Black "Grandelius,N"]
[Result "1/2-1/2"]
[WhiteElo "2486"]
[BlackElo "2547"]
[EventDate "2011.04.14"]

1. d4 Nf6 2. c4 e6 3. Nf3 d5 4. cxd5 exd5 5. Nc3 Bb4 6. Bg5 h6 7. Bxf6 Qxf6
8. Qb3 c5 9. a3 Bxc3+ 10. Qxc3 c4 11. b3 Be6 12. e3 O-O 13. Be2 Nd7 14. O-O
b5 15. Nd2 Rfc8 16. Rfc1 Qd8 17. bxc4 bxc4 18. Rab1 Rab8 19. Bf3 Nf6 20.
Rxb8 Rxb8 21. Rb1 Rxb1+ 22. Nxb1 Bg4 23. Qb4 Bxf3 24. gxf3 Qc8 25. Nc3 Kh7
26. Kg2 Qe6 27. Qb1+ g6 28. Qb8 g5 29. Qxa7 g4 30. fxg4 Qxg4+ 31. Kf1 Kg7
32. Qb8 Qf5 33. Qg3+ Kh7 34. Qf4 Qd3+ 35. Kg2 Qg6+ 36. Qg3 Qd3 37. Qf4 Qg6+
38. Qg3 Qd3 39. Qf4 Qg6+ 1/2-1/2

[Event "Schackstudion GM"]
[Site "Lund SWE"]
[Date "2011.04.21"]
[Round "8"]
[White "Wendt,J"]
[Black "Tikkanen,H"]
[Result "0-1"]
[WhiteElo "2371"]
[BlackElo "2541"]
[EventDate "2011.04.14"]

1. c4 e5 2. Nc3 Nc6 3. Nf3 f5 4. g3 Nf6 5. d4 e4 6. Nh4 d6 7. Bh3 g6 8. Bg5
Bg7 9. Qd2 Kf7 10. O-O-O h6 11. Bxf6 Bxf6 12. Ng2 Nxd4 13. Nf4 Be5 14. Bg2
Ne6 15. f3 exf3 16. Bxf3 c6 17. e4 Qg5 18. Nce2 Nc5 19. h4 Qf6 20. exf5
gxf5 21. Rhf1 Ke7 22. Rde1 Kd8 23. Nc3 Bd7 24. Bd1 Bxc3 25. bxc3 Ne4 26.
Qd4 Qxd4 27. cxd4 Kc7 28. g4 Rae8 29. Ng6 Rhg8 30. gxf5 Ng3 31. Rxe8 Rxe8
32. f6 Nxf1 33. f7 Rd8 34. Be2 Ng3 35. Kd2 Nxe2 36. Kxe2 Bf5 37. f8=Q Rxf8
38. Nxf8 Kd8 0-1

[Event "Schackstudion GM"]
[Site "Lund SWE"]
[Date "2011.04.22"]
[Round "9"]
[White "Grandelius,N"]
[Black "Smith,Ax"]
[Result "1-0"]
[WhiteElo "2547"]
[BlackElo "2452"]
[EventDate "2011.04.14"]

1. d4 d5 2. c4 dxc4 3. Nf3 Nf6 4. e3 Bg4 5. Nbd2 e6 6. Nxc4 Bb4+ 7. Bd2
Bxd2+ 8. Qxd2 Bxf3 9. gxf3 O-O 10. Bg2 Nc6 11. f4 Nd5 12. O-O Qf6 13. Kh1
Rfd8 14. a3 Nce7 15. b4 Ng6 16. Na5 Rab8 17. Rac1 c6 18. Qe2 a6 19. Be4 Qe7
20. Rg1 f5 21. Bb1 Rf8 22. Ba2 Rbd8 23. Nb3 Nh8 24. Rg3 Rf6 25. Nc5 Nf7 26.
Rcg1 Nd6 27. Qh5 g6 28. Qh4 Rdf8 29. R3g2 R8f7 30. Nd3 Rg7 31. Ne5 Rf8 32.
Qxe7 Rxe7 33. h4 Nf7 34. Nf3 Kh8 35. Bxd5 cxd5 36. Rc1 Nd6 37. Ne5 Nc4 38.
a4 a5 39. bxa5 Ra8 40. a6 Rxa6 41. h5 Nxe5 42. Rc8+ Kg7 43. dxe5 Rxa4 44.
Rg3 g5 45. Rxg5+ 1-0

[Event "Schackstudion GM"]
[Site "Lund SWE"]
[Date "2011.04.22"]
[Round "9"]
[White "Fries Nielsen,JO"]
[Black "Brynell,S"]
[Result "0-1"]
[WhiteElo "2411"]
[BlackElo "2486"]
[EventDate "2011.04.14"]

1. d4 Nf6 2. c4 e6 3. Bg5 h6 4. Bxf6 Qxf6 5. Nc3 Bb4 6. Rc1 O-O 7. a3 Bxc3+
8. Rxc3 Nc6 9. d5 Ne5 10. Qd2 d6 11. Nf3 Nxf3+ 12. Rxf3 Qg6 13. Qc1 exd5
14. cxd5 c6 15. Rg3 Qf6 16. e3 cxd5 17. Bd3 Qe5 18. f4 Qf6 19. f5 Bd7 20.
O-O Rac8 21. Qd2 Rfe8 22. Rf4 Re5 23. h3 a6 24. a4 Kf8 25. Qf2 Rc1+ 26. Kh2
Ra1 27. Qc2 Bc6 28. Rfg4 d4 29. Rxg7 Rxe3 30. Rg8+ Ke7 31. Qf2 Qe5 32. f6+
Qxf6 33. Rxe3+ dxe3 34. Qxe3+ Qe5+ 35. Rg3 Qxe3 36. Rxe3+ Kf6 37. b3 Ra2
38. Bf1 Bd5 39. Rd3 Ke5 40. Re3+ Be4 0-1

[Event "Schackstudion GM"]
[Site "Lund SWE"]
[Date "2011.04.22"]
[Round "9"]
[White "Bejtovic,J"]
[Black "Schmidt Schaeffer,S"]
[Result "1-0"]
[WhiteElo "2415"]
[BlackElo "2410"]
[EventDate "2011.04.14"]

1. d4 f5 2. g3 Nf6 3. Bg2 e6 4. Nf3 Be7 5. O-O O-O 6. c4 d5 7. Nbd2 Nc6 8.
a3 a5 9. b3 Ne4 10. Bb2 b6 11. Rc1 Bb7 12. Ne1 Bf6 13. Ndf3 a4 14. cxd5 Na5
15. b4 Nb3 16. Rc2 Bxd5 17. Nd3 g5 18. e3 Rc8 19. Nfe5 Qe8 20. f3 Nd6 21.
Qe1 Bb7 22. Rff2 Bg7 23. Bf1 Bd5 24. Nc1 g4 25. fxg4 Ne4 26. Rfe2 Bxe5 27.
dxe5 Ng5 28. Bg2 Bxg2 29. Kxg2 fxg4 30. Nd3 Nf3 31. Qh1 Qg6 32. Nf4 Qe4 33.
Kf2 c5 34. h3 cxb4 35. Rxc8 Rxc8 36. hxg4 Nfd2 37. Qxe4 Nxe4+ 38. Kg2 bxa3
39. Bxa3 Kf7 40. Rb2 Ned2 41. Bb4 Nc4 42. Rf2 Nxe3+ 43. Kh3 Nc4 44. g5 Nc5
45. Nd3+ Ke8 46. Bxc5 bxc5 47. Rf6 Rc6 48. Rh6 Nb6 49. Rxh7 Nc8 50. g6 Ne7
51. Rh8+ Kd7 52. g7 c4 53. Nb4 Rc8 54. Rxc8 Kxc8 55. Kg4 Kd7 56. Kg5 Ng8
57. Kg6 1-0